Tracks on Mariokart - Statistics

General Stats
  • This quiz has been taken 37 times
  • The average score is 8 of 18
Answers on the Grid
Answers color-coded by a green-red scale on the quiz's grid according to % correct below.
Rainbow Road
Tick Tock Clock
Dry Dry Desert
Big Blue
Old Farm
Wild Woods
Cloudtop Cruise
Daisy Planes
Bone Dry Dunes
Cheep Cheep Motorway
Dolphin Ocean
Shy Guy Falls
Mount Wario
Sunshine Airport
Pauline Island
Bowsers Castle
Sweet Sweet Canyon
Mario Stadium
Moo Moo Meadows
Yoshi Valley
Outer Space Highway
Piranha Plant Park
Boos Library of Legends
Animal Crossing
Hyrule circuit
Toad Village
DK Jungle
DK Mountain
Toad Treehouse Treetops
Cheep Cheep Casino
 
Answer Stats
Answer % Correct
Rainbow Road
88%
Big Blue
76%
Tick Tock Clock
76%
Dry Dry Desert
65%
Bone Dry Dunes
53%
Sunshine Airport
53%
Mount Wario
47%
Shy Guy Falls
47%
Wild Woods
47%
Bowsers Castle
41%
Cloudtop Cruise
41%
Sweet Sweet Canyon
35%
Yoshi Valley
35%
Moo Moo Meadows
29%
DK Mountain
24%
Animal Crossing
18%
DK Jungle
18%
Hyrule circuit
18%
No matching quizzes found
Score Distribution
Percent of People with Each Score
Percentile by Number Answered
Your Score History
You have not taken this quiz